¿Cómo han sido regulados los instrumentos públicos en el Código Civil y Comercial de la Nación? (Registro nro. 31766)
[ vista simple ]
| 000 -LEADER | |
|---|---|
| fixed length control field | 00432 a2200121 4500 |
| 001 - CONTROL NUMBER | |
| control field | ART_47620 |
| 005 - DATE AND TIME OF LATEST TRANSACTION | |
| control field | 20260410162006.0 |
| 008 - FIXED-LENGTH DATA ELEMENTS--GENERAL INFORMATION | |
| fixed length control field | 260409a |
| 100 1# - MAIN ENTRY--PERSONAL NAME | |
| Personal name | Corna, Pablo M. |
| 245 10 - TITLE STATEMENT | |
| Title | ¿Cómo han sido regulados los instrumentos públicos en el Código Civil y Comercial de la Nación? |
| 700 1# - ADDED ENTRY--PERSONAL NAME | |
| Personal name | Fossaceca, Carlos Alberto (h) |
| 773 0# - HOST ITEM ENTRY | |
| Title | Temas de derecho civil |
| Related parts | - Año 4, N° 9 (sep. 2018) |
| Record control number | REV34778 |
No hay ítems disponibles.